000 03138cam a2201201 4500
003 PE-LiUPU
005 20250813185620.0
020 _a8572921311
035 _a(Sirsi) i9788572921312
035 _a(Sirsi) 50059
035 _a(Sirsi) 50059
041 _apt
044 _abr
082 0 4 _a362.11
_bJ2
245 _aUm jeito próprio de cuida :
_breflexões e propostas para a área de saúde /
_ccoordinación general Clemente Ivo Juliatto, escribir Clemente Ivo Juliatto, Paulo Eduardo de Oliveira, los empleados Misericordia Moreira de Souza ... [et al.].
264 1 _aCuritiba :
_bChampagnat,
_c2005
300 _a80 páginas :
_bilustraciones ;
_c21 cm.
505 0 _aO Rosto da Instituicao -- Identidade e missao institucional -- Um complexo hospitalar diferenciado -- Hospital universitário -- Hospital católico -- Hospital Marista -- Hospital comunitário -- Principios fundamentais -- O cuidado dos enfermos
526 _aP202
526 _aP201
526 _aP163
526 _aP162
526 _aP161
526 _aP160
526 _aP148
526 _aP147
526 _aP146
526 _aP145
526 _aP144
526 _aP143
526 _aP142
526 _aP141
526 _aP140
526 _aP139
526 _aP138
526 _aP137
526 _aP136
526 _aP135
526 _aP134
526 _aP133
526 _aP129
526 _aP128
526 _aP127
526 _aP120
526 _aP119
526 _aP118
526 _aP116
526 _aP115
526 _aP114
526 _aP110
526 _aP109
526 _aP108
526 _aP104
526 _aP103
526 _aP102
526 _aP99
526 _aP98
526 _aP97
526 _aP96
526 _aP95
526 _aP93
526 _aP90
526 _aP89
526 _aP88
526 _aP83
526 _aP82
526 _aP62
526 _aP59
526 _aP58
526 _aP57
526 _aP51
526 _aP49
526 _aP48
526 _aP47
526 _aP29
526 _aP24
526 _aP20
526 _aP19
526 _aP17
526 _aP15
526 _aP14
526 _aP12
526 _aP10
526 _aP09
526 _aP08
526 _aP07
526 _aP06
526 _aP05
526 _aP04
526 _aP01
650 1 4 _aAtención hospitalaria
650 1 4 _aEnfermos
_xCuidados e higiene
_xCristianismo
700 1 _aJuliatto, Clemente Ivo
_ecoord.
700 1 _aMoreira de Souza, Clemencia
_ecolab.
700 1 _aSilveira Picheth, Fernando
_ecolab.
859 _q66522
_h362.11
_iJ2
910 _agl
_b
_clch
_d20130423
942 _2ddc
_cBOOK
949 _a362.11 J2
_i66522
_lCCODEBUL1
_mBUL
_tLIBRO
_o.STAFF. Colección General
596 _a1
999 _a362.11 J2
_wDEWEY
_c54684
_i66522
_f2021-11-5
_g5
_lCCODEBUL1
_mBUL
_p8.00
_r0
_sY
_tBOOK
_u2015-7-6
_xBIBLIOTECA
_zUNKNOWN
_0COMPRA
_o.STAFF. Colección General
_d54684
980 _81
_gALBERTO SANCHEZ Responsable de Automatización